| 000 | 00869nam a2200205 i 4500 | ||
|---|---|---|---|
| 001 | 185196 | ||
| 003 | ES-MaACL | ||
| 005 | 20230906222352.0 | ||
| 008 | 160406q1890 fr |||| | fre d | ||
| 110 | 2 |
_aLibrairie americaine et coloniale E. Dufossé. _9159307 |
|
| 245 | 1 | 0 |
_a[Catalogue] Nº 11 : _bEmpire chinois et Japon : livres, cartes, atlas, documents, autographes, gravures. |
| 260 |
_aParis : _bLibrairie americaine et coloniale E. Dufossé, _c[ca. 1890] |
||
| 300 |
_aP. [875]-908 ; _c21 cm. |
||
| 594 | _aPrecede al tít.: Nouvelle série, XXIV, année. | ||
| 610 | 2 | 4 |
_aLibrairie americaine et coloniale E. Dufossé- _vCatálogos. _9159308 |
| 650 | 4 |
_aLibros- _vCatálogos comerciales. _9159004 |
|
| 651 | 4 |
_aChina- _vBibliografías. _9169790 |
|
| 651 | 4 |
_aJapón- _vBibliografías. _9170502 |
|
| 852 | 4 |
_aES-MaACL _jT-968-F-8 _z- Enc. en un vol. facticio |
|
| 999 |
_c185196 _d185196 |
||